Vplyv nezamestnanosti a chudoby na bezpečný život na Slovensku z pohľadu kriminality dizertačná práca
Saved in:
| Main Author: | |
|---|---|
| Corporate Author: | |
| Other Authors: | |
| Format: | Book |
| Language: | Slovak |
| Published: |
Košice
2026
|
| Tags: |
No Tags, Be the first to tag this record!
|
MARC
| LEADER | 00000nbm a2200000 4500 | ||
|---|---|---|---|
| 001 | 0315508 | ||
| 005 | 20260322003031.1 | ||
| 041 | 0 | |a slo | |
| 044 | |a SK | ||
| 245 | 1 | 0 | |a Vplyv nezamestnanosti a chudoby na bezpečný život na Slovensku z pohľadu kriminality |b dizertačná práca |c Klaudia Bžanová ; školiteľ: Silvia Megyesiová |
| 264 | 1 | |a Košice |c 2026 | |
| 300 | |a 160 s. | ||
| 100 | 1 | |a Bžanová, Klaudia, 1997- | |
| 700 | 1 | |a Janošková, Mária Ria, 1965- | |
| 710 | 2 | |a Podnikovohospodárska fakulta EU so sídlom v Košiciach. Katedra obchodného podnikania | |